000 00318pab a2200145 454500
008 180718b1985 xxu||||| |||| 00| 0 eng d
100 _aSharma, M.P.
245 _a`Land' and "building"
260 _c1985
300 _a104-24
362 _aMar.
650 _aProperty Taxes
773 _aTax - Net
909 _a16277
999 _c16277
_d16277